000 00568nam a2200217Ia 4500
003 OSt
005 20220928140535.0
006 a|||||r|||| 00| 0
007 ta
008 220927b |||||||| |||| 00| 0 eng d
024 _a9252
037 _cTextual
040 _aSDCL
_cSDCL
_beng
041 _2eng
_aeng
082 _aO-,3L:g, M4
100 _aMorris Kevin L
_9495769
245 0 _aImage of the middle ages in romantic and victorian literature.
260 _c1984
942 _hO-,3L:g, M4
_cTEXL
_2CC
999 _c812000
_d812000